000 00426nam a22001697a 4500
003 UA-OsUOA
001 6025
007 ta
008 20050721b un ||||| |||| 00| 0 ukr d
100 _aМедун
700 _aА. Ю.
942 _cBK
040 _aUA-OsUOA
_cUA-OsUOA
_dUA-OsUOA
245 _aНавчання аудіюванню на поч., серед. та ст. етап...
_bSA Paper
955 _a2
650 7 _2UDC
999 _c292187
_d292187